00551nam a2200181Ia 4500040000800000082002600008100001600034245004800050260006700098300002600165490002900191650002200220650003100242650001000273700001500283700001900298710005200317 cMOA a631 INT 1985 C144 Or.1 aEllis, R. H10aHandbook of seed technology for genebanks / aRome :bInternational Board for Plant Genetic Resources,c1985 a2 v. :bill. ;c30 cm1 aHandbook for genebanks ; 0aGene banks, Plant 0aGermplasm resources, Plant 0aSeeds10aHong, T. D10aRoberts, E. H.20aInternational Board for Plant Genetic Resources